000 00639nam a22002177a 4500
005 20170124110208.0
010 _aA-517471
020 _c10.00
035 _aA-517471
037 _bCen Lib/Ret
040 _aDPL
_bEN
082 _a181.499
_bCHI
100 _aChidananda, Swami
_937709
245 _aA new beginning /
_cby Swami Chidananda
260 _aShivanandanagar
_bDivine Life Society
_c1991
270 _bShivanandanagar
300 _aiii,66p.
_c20cm(Hb)
650 _aDivine Life Society (India) -- Spiritual life
_937710
650 _aSpiritual life -- Hinduism
_99884
942 _2ddc
_cEN
_h181.499
_mCHI
999 _c133356
_d133356